000 00991nam a22002537a 4500
005 20170124103038.0
010 _aA-661334
020 _c75.00
_a8185828075
035 _aA-661334
037 _bCen Lib/Ret
040 _aDPL
_bHN
082 _a
_bस्नेहमो
100 _aस्नेह मोहनीश
_966220
245 _aअंतिम साक्ष्य /
_cस्नेह मोहनीश
246 _aAntim sakshya /
_bby Sneh Mohnish
260 _aनयी दिल्ली
_bस्मृति प्रकाशन
_c1993
270 _a1685, कूचा दखनीराय, दरिया गंज
_bनयी दिल्ली
_e110002
300 _a176पृ.
_c17सेमी (सजिल्द)
650 _aहिन्दी साहित्य
_966221
650 _aउपन्यास
_966222
650 _aHindi literature
_966223
650 _aFiction
_98901
942 _2ddc
_cHN
_h
_mस्नेहमो
999 _c116378
_d116378